000 00757nam a22002177a 4500
005 20180227154906.0
010 _aB-663802
020 _a9789350356944
_c425.00
035 _aB-663802
037 _bBookwell
082 _a345.5402555
100 _aDas, P.K.
245 _aUniversal's handbook on protection of women from domestic violence:Act & Rules /
_cby P.K.Das
250 _a5th ed
260 _aNew Delhi
_bUniversal Law Publishing
_c2016
270 _aCFF-1A, Dilkhush industrial estate, G.T.Karnal road
_b Delhi
_e110033
300 2 _axxix,445p
_c24cm (pbk)
700 _928907
942 _2ddc
_cEN
_h345.5402555
_mDAS
999 _c150199
_d150199